Ošetrovateľská starostlivosť o pacienta s empyémom hrudníka

Podrobná bibliografia
Hlavní autori: Gyalogová, Jolana (Autor), Soboličová, Ľubica (Autor)
Médium: Článok
Jazyk:slovenčina

MARC

LEADER 00000nab a2200000ua 4500
001 vtls010830759
003 SK-MaSNL
005 20260303144506.0
008 230222s2004 xo |||||||||||||||||slo|
035 |a (urnnbn)urn:nbn:sk:snk:ar-a06hgb 
035 |a urn:nbn:sk:snk-ab5vt2 
035 |a (uuid)6833de3b-eb39-4c44-b7fb-73db034f8223 
040 |a SNKBUCL  |b slo  |c SNKBUCL  |e AACR2 
041 0 |a slo 
044 |a xo  |c SK 
100 1 |a Gyalogová, Jolana  |4 aut  |9 847504 
245 1 0 |a Ošetrovateľská starostlivosť o pacienta s empyémom hrudníka  |c Jolana Gyalogová, Ľubica Soboličová 
700 1 |a Soboličová, Ľubica  |4 aut  |9 1166089 
773 0 |t Sestra : odborný mesačník pre ošetrovateľstvo  |g Roč. 3, č. 4 (2004), s. 26-27 
954 |a odborná, vedecká literatúra pôvodná (slovenská)  |2 lita 
958 |a OND 
958 |a EUIPO 
958 |a article5 
999 |c 1997549  |d 1999479